Marcel Proust en els seus millors escrits / (Record no. 123084)

MARC details
000 -LEADER
campo de control de longitud fija 00829nam a2200217 4500
001 - NÚMERO DE CONTROL
campo de control 123084
003 - IDENTIFICADOR DE NÚMERO DE CONTROL
campo de control ES-MaACL
005 - FECHA Y HORA DE LA ÚLTIMA TRANSACCIÓN
campo de control 20240126063008.0
007 - CAMPO FIJO DE DESCRIPCIÓN FÍSICA--INFORMACIÓN GENERAL
campo de control de longitud fija t|
008 - DATOS DE LONGITUD FIJA--INFORMACIÓN GENERAL
campo de control de longitud fija 070214s1972 sp r ||||0| cat d
100 1# - ENTRADA PRINCIPAL--NOMBRE DE PERSONA
Nombre de persona Proust, Marcel,
Fechas asociadas al nombre 1871-1922
9 (RLIN) 94056
245 10 - MENCIÓN DEL TÍTULO
Título Marcel Proust en els seus millors escrits /
Mención de responsabilidad, etc. presentació Maurici Serrahima. Marcel Proust vida i obra i Itinerari a través de la A recerca del temps perdut / Josep Albanell.
260 ## - PUBLICACIÓN, DISTRIBUCIÓN, ETC.
Lugar de publicación, distribución, etc. Barcelona :
Nombre del editor, distribuidor, etc. Miquel Arimary,
Fecha de publicación, distribución, etc. 1972.
300 ## - DESCRIPCIÓN FÍSICA
Extensión 86 p :
Otras características físicas 1 lám. = retr. aut ;
Dimensiones 20 cm.
700 1# - ENTRADA AGREGADA--NOMBRE PERSONAL
Nombre de persona Serrahima, Maurici.
9 (RLIN) 105674
700 1# - ENTRADA AGREGADA--NOMBRE PERSONAL
Nombre de persona Albanell, Josep.
9 (RLIN) 19226
740 0# - ENTRADA AGREGADA--TÍTULO RELACIONADO/ANALÍTICO NO CONTROLADO
Título relacionado o analítico no controlado Marcel Proust vida i obra.
740 0# - ENTRADA AGREGADA--TÍTULO RELACIONADO/ANALÍTICO NO CONTROLADO
Título relacionado o analítico no controlado Itinerari a través de la A recerca del temps perdut.
852 ## - LOCALIZACIÓN
Ubicación ES-MaACL
Número de control de estantería C-44799
Sublocalización o colección R.83188
Holdings
Estatus retirado Estado de pérdida Estado de daño No para préstamo Biblioteca de origen Biblioteca actual Ubicación en estantería Fecha de adquisición Fuente de adquisición Total de préstamos Signatura topográfica completa Código de barras Visto por última vez Precio de reemplazo Tipo de ítem Koha
        Biblioteca del Ateneo de Madrid Biblioteca del Ateneo de Madrid Depósito 2 17/01/2008     C-44799 1128255 23/02/2023 23/02/2023 Libro impreso